Bids for £2m new marketing grants (Record no. 68168)

MARC details
000 -LEADER
fixed length control field 00921cam a2200217 4500
001 - CONTROL NUMBER
control field WB3733-23
008 - FIXED-LENGTH DATA ELEMENTS--GENERAL INFORMATION
fixed length control field 010905n2001 000 0 eng u
035 ## - SYSTEM CONTROL NUMBER
System control number (Sirsi) u114444
245 ## - TITLE STATEMENT
Title Bids for £2m new marketing grants
260 ## - PUBLICATION, DISTRIBUTION, ETC.
Date of publication, distribution, etc. 2001
490 ## - SERIES STATEMENT
Series statement DEFRA News Release
Volume/sequential designation (118/01) 31 August 2001 (2)
520 ## - SUMMARY, ETC.
Summary, etc. Round three of the Agriculture Development Scheme (ADS) offers grants totalling £2m to improve the marketing performance and competitiveness of sectors affected by foot and mouth. The deadline for applications is 31 October 2001. Guidance on the scheme rules and how to apply can be found on the DEFRA web site at http:www.defra.gov.uk/corporate/contacts/buslink/market.htm
590 ## - LOCAL NOTE (RLIN)
Local note WB
650 ## - SUBJECT ADDED ENTRY--TOPICAL TERM
Topical term or geographic name entry element AGRICULTURE DEVELOPMENT SCHEME
650 ## - SUBJECT ADDED ENTRY--TOPICAL TERM
Topical term or geographic name entry element GRANTS
650 ## - SUBJECT ADDED ENTRY--TOPICAL TERM
Topical term or geographic name entry element COMPETITIVENESS
650 ## - SUBJECT ADDED ENTRY--TOPICAL TERM
Topical term or geographic name entry element MARKETING
650 ## - SUBJECT ADDED ENTRY--TOPICAL TERM
Topical term or geographic name entry element FOOT-AND-MOUTH DISEASE
690 ## - LOCAL SUBJECT ADDED ENTRY--TOPICAL TERM (OCLC, RLIN)
Topical term or geographic name as entry element Rural
9 (RLIN) 6268
942 ## - ADDED ENTRY ELEMENTS (KOHA)
Suppress in OPAC 0
Holdings
Withdrawn status Lost status Source of classification or shelving scheme Damaged status Not for loan Home library Current library Shelving location Date acquired Total Checkouts Full call number Barcode Date last seen Copy number Price effective from Koha item type
    Dewey Decimal Classification     London London News article 05/09/2001   WB3733-23 114444-1001 06/08/2019 1 06/08/2019 News article